Grammaire en dialogues
La Grammaire en Dialogues s'adresse à des adultes et adolescents de niveau débutant. Cet ouvrage permet aux apprenants d'aborder des notions grammaticales, intégrées dans des dialogues empruntés a la vie quotidienne. Elle propose 32 chapitres portant chacun sur un point de grammaire p...
Tallennettuna:
| Päätekijä: | |
|---|---|
| Aineistotyyppi: | Kirja |
| Kieli: | Undetermined |
| Julkaistu: |
Paris
CLE International
2005
|
| Aiheet: | |
| Tagit: |
Lisää tagi
Ei tageja, Lisää ensimmäinen tagi!
|
| Thư viện lưu trữ: | Trung tâm Học liệu Trường Đại học Cần Thơ |
|---|
| LEADER | 00970nam a2200241Ia 4500 | ||
|---|---|---|---|
| 001 | CTU_211728 | ||
| 008 | 210402s9999 xx 000 0 und d | ||
| 020 | |c 278000 | ||
| 082 | |a 445 | ||
| 082 | |b M669 | ||
| 100 | |a Miquel, Claire | ||
| 245 | 0 | |a Grammaire en dialogues | |
| 245 | 0 | |c Claire Miquel | |
| 260 | |a Paris | ||
| 260 | |b CLE International | ||
| 260 | |c 2005 | ||
| 520 | |a La Grammaire en Dialogues s'adresse à des adultes et adolescents de niveau débutant. Cet ouvrage permet aux apprenants d'aborder des notions grammaticales, intégrées dans des dialogues empruntés a la vie quotidienne. Elle propose 32 chapitres portant chacun sur un point de grammaire particulier (Verbes du 1er groupe au présent, expression de la quantité, etc.). | ||
| 650 | |a French language | ||
| 650 | |x Grammars | ||
| 904 | |i Giang | ||
| 910 | |a Sách kèm CD số: AVA.000692 | ||
| 915 | |a 400 | ||
| 980 | |a Trung tâm Học liệu Trường Đại học Cần Thơ | ||